logo

Bir Sreshtho Munshi Abdur Rouf Library
Jhenaidah Cadet College

মুক্তিযুদ্ধের নির্বাচিত গল্প / (Record no. 10366)

MARC details
000 -LEADER
fixed length control field 00726nam a22002297a 4500
001 - CONTROL NUMBER
JCCL Control Number 10366
003 - CONTROL NUMBER IDENTIFIER
JCCL marc code BD-JhCC
005 - DATE AND TIME OF LATEST TRANSACTION
control field 20180522125338.0
008 - FIXED-LENGTH DATA ELEMENTS--GENERAL INFORMATION
fixed length control field 180424b20152001bg ||||| ||a| 00| 0 eng d
020 ## - INTERNATIONAL STANDARD BOOK NUMBER
International Standard Book Number 9844950624
035 ## - SYSTEM CONTROL NUMBER
system control number (BD-JhCC)10366
040 ## - CATALOGING SOURCE
Original cataloging agency BD-JhCC
Modifying agency BD-JhCC
041 ## - LANGUAGE CODE
Language code of Book eng
082 ## - DEWEY DECIMAL CLASSIFICATION NUMBER
Classification number 891.4435
Author mark and Year MUK 2015
245 ## - TITLE STATEMENT
Title মুক্তিযুদ্ধের নির্বাচিত গল্প /
Statement of responsibility, etc ইমদাদুল হক মিলন,
260 ## - PUBLICATION, DISTRIBUTION, ETC. (IMPRINT)
Place of publication, distribution, etc ঢাকা :
Name of publisher, distributor, etc পার্ল পাবলিকেশন্স,
Date of publication, distribution, etc 2015.
300 ## - PHYSICAL DESCRIPTION
Pagination 676 p. :
Dimensions 24 cm.
650 ## - SUBJECT ADDED ENTRY--TOPICAL TERM
Topical term or geographic name as entry element Hisftorical Story
700 ## - ADDED ENTRY--PERSONAL NAME
Fuller form of name মিলন,ইমদাদুল হক
942 ## - ADDED ENTRY ELEMENTS (KOHA)
Source of classification or shelving scheme Dewey Decimal Classification
Koha item type Books
Holdings
Source of classification or shelving scheme Damaged status Not for loan Home library Current library Shelving location Date of accession Cost, normal purchase price Total Checkouts Full call number Barcode Date last seen Date checked out Copy number Koha item type
Dewey Decimal Classification     JCC Rouf Library JCC Rouf Library General Stacks 04/24/2018 600.00 1 891.4435 MUK 2015 13535 03/22/2020 11/20/2019 C-1 Books
Dewey Decimal Classification     JCC Rouf Library JCC Rouf Library General Stacks 09/05/2018 600.00   891.4435 MUK 2015 14588 09/05/2018   C-2 Books

JCC Library | Contacts | JCC Home

Last Update on 23 September 2017
Copyright @ 2017-2020 JCC Rouf Library
Rouf Library, Jhenidah Cadet College (JCC), Bangladesh